Động lực học máy : Giáo trình dành cho sinh viên cơ khí các trường đại học

Sách cung cấp các khái niệm cơ bản và định nghĩa máy và mô hình cấu trúc máy; chuyển động của máy cứng một bậc động, động lực của quá trình bình ổn; động lực của quá trình mở máy và tắt máy; phương trình chuyển động của máy với cơ...

Cijeli opis

Spremljeno u:
Bibliografski detalji
Glavni autor: Đỗ, Sanh
Format: Knjiga
Jezik:Undetermined
Izdano: Hà Nội Khoa học và Kỹ thuật 2004
Teme:
Oznake: Dodaj oznaku
Bez oznaka, Budi prvi tko označuje ovaj zapis!
Thư viện lưu trữ: Trung tâm Học liệu Trường Đại học Cần Thơ
LEADER 01060nam a2200217Ia 4500
001 CTU_102563
008 210402s9999 xx 000 0 und d
020 |c 22000 
082 |a 621.811 
082 |b S107 
100 |a Đỗ, Sanh 
245 0 |a Động lực học máy : 
245 0 |b Giáo trình dành cho sinh viên cơ khí các trường đại học 
245 0 |c Đỗ Sanh 
260 |a Hà Nội 
260 |b Khoa học và Kỹ thuật 
260 |c 2004 
520 |a Sách cung cấp các khái niệm cơ bản và định nghĩa máy và mô hình cấu trúc máy; chuyển động của máy cứng một bậc động, động lực của quá trình bình ổn; động lực của quá trình mở máy và tắt máy; phương trình chuyển động của máy với cơ cấu truyền động đàn tính 
650 |a Machinery, Dynamics of 
904 |i Hiếu, H.Mai 
980 |a Trung tâm Học liệu Trường Đại học Cần Thơ